00504nam a2200145Ia 4500008004100000041000800041082001400049100002000063245004500083260004900128300003100177365000900208999001500217952012600232240624s9999 xx 000 0 und d aeng a303.3 MAC aMACCOBY MICHAEL aLEADERS WE NEED AND WHAT MAKES US FOLLOW c2007aBostonbHarvard Businesss School Press axix, : 249 : p. : cm. ; 24 cb20 c9502d9502 00104070aIMTNbIMTNcRack 6-Bd2008-08-21eWBDg26.95n276o303.3 MACp9502r2024-06-24 00:00:00t45.2w2024-06-24yBK